| 000 | 00342nam a22001217a 4500 | ||
|---|---|---|---|
| 008 | 180419b xxu||||| |||| 00| 0 eng d | ||
| 041 | _aeng | ||
| 080 | _a043.3 | ||
| 100 | _a0 | ||
| 101 | _aMBE-MA | ||
| 245 |
_aAnaliza e Origjines dhe Natyres se Strategjise se Menaxhimit qe ndikon ne Efektivitetin Organizativ _cVokshi, P |
||
| 942 |
_2udc _cBK |
||
| 999 |
_c45303 _d45303 |
||